<?xml version="1.0" encoding="UTF-8"?>
<record
    xmlns:xsi="http://www.w3.org/2001/XMLSchema-instance"
    xsi:schemaLocation="http://www.loc.gov/MARC21/slim http://www.loc.gov/standards/marcxml/schema/MARC21slim.xsd"
    xmlns="http://www.loc.gov/MARC21/slim">

  <leader>00547nam a2200193Ia 4500</leader>
  <controlfield tag="003">OSt</controlfield>
  <controlfield tag="005">20260128100813.0</controlfield>
  <controlfield tag="008">250729s2005    xx            000 0 und d</controlfield>
  <datafield tag="040" ind1=" " ind2=" ">
    <subfield code="c">AL</subfield>
  </datafield>
  <datafield tag="041" ind1=" " ind2=" ">
    <subfield code="a">kan</subfield>
  </datafield>
  <datafield tag="082" ind1=" " ind2=" ">
    <subfield code="a">370.15 MANA</subfield>
  </datafield>
  <datafield tag="100" ind1=" " ind2=" ">
    <subfield code="a">&#xCAE;&#xC82;&#xC9C;&#xCAF;&#xCCD;&#xCAF; &#xC8E;&#xC82; &#xC8E;</subfield>
    <subfield code="9">228000</subfield>
  </datafield>
  <datafield tag="245" ind1=" " ind2=" ">
    <subfield code="a">&#xC86;&#xCA7;&#xCC1;&#xCA8;&#xCBF;&#xC95; &#xCB6;&#xCBF;&#xC95;&#xCCD;&#xCB7;&#xCA3;&#xCA6;&#xCB2;&#xCCD;&#xCB2;&#xCBF; &#xCAE;&#xCA3;&#xCCA;&#xCB5;&#xCBF;&#xC9C;&#xCCD;&#xCA8;&#xCBE;&#xCA8;</subfield>
  </datafield>
  <datafield tag="260" ind1=" " ind2=" ">
    <subfield code="a">&#xCAC;&#xCC6;&#xC82;&#xC97;&#xCB3;&#xCC2;&#xCB0;&#xCC1;</subfield>
    <subfield code="c">2005</subfield>
  </datafield>
  <datafield tag="300" ind1=" " ind2=" ">
    <subfield code="a">416p</subfield>
  </datafield>
  <datafield tag="650" ind1=" " ind2=" ">
    <subfield code="a">Psychology</subfield>
    <subfield code="9">228001</subfield>
  </datafield>
  <datafield tag="700" ind1=" " ind2=" ">
    <subfield code="a">&#xCAE;&#xC82;o Digumurthi</subfield>
    <subfield code="9">228002</subfield>
  </datafield>
  <datafield tag="942" ind1=" " ind2=" ">
    <subfield code="2">ddc</subfield>
    <subfield code="c">BED</subfield>
  </datafield>
  <datafield tag="999" ind1=" " ind2=" ">
    <subfield code="c">237847</subfield>
    <subfield code="d">237847</subfield>
  </datafield>
  <datafield tag="952" ind1=" " ind2=" ">
    <subfield code="0">0</subfield>
    <subfield code="1">0</subfield>
    <subfield code="4">0</subfield>
    <subfield code="7">0</subfield>
    <subfield code="a">AL</subfield>
    <subfield code="b">AL</subfield>
    <subfield code="d">2025-07-29</subfield>
    <subfield code="e">West Cost Papers &amp; Stationers</subfield>
    <subfield code="g">45.00</subfield>
    <subfield code="l">0</subfield>
    <subfield code="o">370.15 MANA</subfield>
    <subfield code="p">BED03166</subfield>
    <subfield code="r">2025-07-29 16:56:08</subfield>
    <subfield code="v">45.00</subfield>
    <subfield code="w">2025-07-29</subfield>
    <subfield code="y">BK</subfield>
  </datafield>
</record>
